000 00666nam a2200193Ia 4500
005 20260114185831.0
008 008 260114s9999 xx 000 0 eng d
020 _a9780755607457
037 _aEBOOK
040 _aCRL
_beng
_cCRL
041 _aeng
_2eng
084 _qCRL
100 _aRobert Hillenbrand, A. C. S. Peacock and Firuza Abdullaeva
_9874977
245 0 _aFerdowsi, the Mongols and the History of Iran Art, Literature and Culture from Early Islam to Qajar Persia
260 _bBloomsbury
_c2013
856 _uhttps://doi.org/10.5040/9780755607457?locatt=label:secondary_bloomsburyCollections
942 _cEBOOK
999 _c1473911
_d1473911